| 000 | 01171nas a2200325 4500 | ||
|---|---|---|---|
| 001 | BR8200698 | ||
| 003 | BR-BrBNA | ||
| 005 | 20231205085020.0 | ||
| 007 | ta | ||
| 008 | 230509b bl.|||p| |||| 00| 00por d | ||
| 040 |
_aBR-BrBNA _bpor _cBiblioteca Nacional de Agricultura |
||
| 041 | _a(Pt) | ||
| 072 | _aH10 | ||
| 100 | 1 | _aPosso, R. de P. | |
| 100 | 1 | _aCosta, F.F. | |
| 100 | 1 | _aCalafiori, M.H. | |
| 100 | 1 | _aPaulo, A.D. | |
| 245 | 1 | _aEficiencia de inseticidas piretroides e fosforado colocados em competicao, no controle ao bicho-mineiro do cafe, Perileucoptera coffeella (Guerin-Meneville, 1842)[Coffea arabica] | |
| 246 | 1 | _aEfficiency of pyrethroids and phosphoric insecticides to the control of coffee leaf miner, Perileucoptera coffeella (Guerin-Meneville, 1842)[Coffea arabica] | |
| 650 | _aPraga de planta | ||
| 650 | _aCafe | ||
| 650 | _aBicho mineiro | ||
| 650 | _aInseticida | ||
| 650 | _aInseticida fosforado | ||
| 650 | _aControle quimico | ||
| 650 | _aEfeito residual | ||
| 773 | 0 |
_tEcossistema (Brazil) _xISSN 0100-4107 _g(Sep 1981), v. 6(1) p. 29-31 _wBR8200698 |
|
| 909 |
_a202311 _bLúcia _c55 _dLúcia Elande |
||
| 942 |
_2AGRIS _n0 _cANA |
||
| 999 |
_c108686 _d108686 |
||